Statistics for Bordering communes of Luxembourg city

Click here to take the quiz!

General Stats

  • This quiz has been taken 8 times
  • The average score is 8 of 10

Answer Stats

CantonCommune% Correct
LuxembourgHesperange
100%
LuxembourgSandweiler
100%
LuxembourgWalferdange
100%
LuxembourgBertrange
75%
Esch-sur-AlzetteLeudelange
75%
LuxembourgSteinsel
75%
LuxembourgStrassen
75%
CapellenKopstal
50%
LuxembourgNiederanven
50%
Esch-sur-AlzetteRoeser
50%

Score Distribution

Percentile by Number Answered

Percent of People with Each Score

Your Score History

You have not taken this quiz